000 00500nam a2200181Ia 4500
001 16273
005 20260306170257.0
008 260306t2023||||xx |||||||||||||| ||und||
041 _aESP
082 _a347.51
_bV63
100 _aVidal Ramos, Roger,
_eAUT
245 0 _aLa teoría del levantamiento del velo societario en los litigios comerciales (arbitrales y judiciales)
260 _c2023
300 _a154 páginas :
_c24 cm.
650 _aGEN
654 _aCDE
942 _cLIB
_dJUS
_fJUS
_2ddc
_n
999 _c16273
_d16273